000 00414nam a2200181Ia 4500
001 13632
005 20260306164815.0
008 260306t2011||||xx |||||||||||||| ||spa||
041 _aESP
082 _a005.1
_bP12
100 _aPacheco, Peter S.
_eAUT
245 3 _aAn introduction to parallel programming
260 _c2011
300 _a
_c
650 _aGEN
654 _aCCC
942 _cLIB
_dJUS
_fJUS
_2ddc
_n
999 _c13632
_d13632